| 000 | 00382nam a2200133 4500 | ||
|---|---|---|---|
| 005 | 20260530113852.0 | ||
| 100 | 1 |
_aInstituto Nacional de Propiedad Industrial _931298 |
|
| 245 | 1 | 0 | _aO design e sua proteçao legal |
| 264 | 1 |
_bPrograma Basileiro do Design _c1996 |
|
| 300 | _a60 páginas | ||
| 336 |
_atexto _2rdacontent |
||
| 337 |
_asin medio _2rdamedia |
||
| 338 |
_avolumen _2rdacarrier |
||
| 999 |
_c11477 _d11477 |
||